000 00680nam a2200217 a 4500
001 63792
003 BD-RjUL
005 20211209081232.0
008 170204s1967 enk 001 0 eng d
035 _a(BD-RjUL)63922
040 _aBD-RjUL
_beng
_cBD-RjUL
_dBD-RjUL
041 _aeng
082 _a891.784208
_bBOM 1967
100 1 _aBorras, F. M.
_9189362
245 1 0 _aMaxim Gorky the writer :
_ban interpretation /
_cby F.M. Borras.
260 _aOxford :
_bClarendon Press,
_c1967.
300 _axxvii, 195 p. ;
_c23 cm.
504 _aIncludes Bibliography: p. 191. and index.
600 1 0 _aGorky, Maksim,
_d1868-1936
_xCriticism and interpretation.
_9189377
942 _2ddc
_cBK
999 _c63792
_d63792